Construction (Record no. 113252)
[ view plain ]
| 000 -LEADER | |
|---|---|
| fixed length control field | 01160cad a22002055a 4500 |
| 001 - CONTROL NUMBER | |
| control field | L154945 |
| 008 - FIXED-LENGTH DATA ELEMENTS--GENERAL INFORMATION | |
| fixed length control field | 120208s2011 xxk 000 0 eng d |
| 035 ## - SYSTEM CONTROL NUMBER | |
| System control number | (Sirsi) u154945 |
| 041 0# - LANGUAGE CODE | |
| Language code of text/sound track or separate title | eng |
| 110 2# - MAIN ENTRY--CORPORATE NAME | |
| Corporate name or jurisdiction name as entry element | Great Britain |
| Subordinate unit | Health and Safety Executive |
| 245 00 - TITLE STATEMENT | |
| Title | Construction |
| Remainder of title | work related injuries and ill health |
| Medium | [electronic resource] |
| 260 ## - PUBLICATION, DISTRIBUTION, ETC. | |
| Place of publication, distribution, etc. | [S.l.] |
| Name of publisher, distributor, etc. | HSE |
| Date of publication, distribution, etc. | 2011 |
| 505 ## - FORMATTED CONTENTS NOTE | |
| Formatted contents note | Summary -- What is construction? -- Ill health -- THOR/LFS 4 -- Occupational cancer -- Injuries -- Fatal injuries -- Major injuries -- Over three day injuries -- Reported injuries to members of the public -- Labour Force Survey (LFS) injuries and days lost -- Industry profile |
| 520 ## - SUMMARY, ETC. | |
| Summary, etc. | Construction remains a high risk industry - although it accounts for only about 5% of the employees in Britain it still accounts for 27% of fatal injuries to employees and 9% of reported major injuries; statistical analysis. |
| 590 ## - LOCAL NOTE (RLIN) | |
| Local note | KA NTK |
| 651 #4 - SUBJECT ADDED ENTRY--GEOGRAPHIC NAME | |
| Geographic name | Great Britain |
| Chronological subdivision | 1707- |
| 690 ## - LOCAL SUBJECT ADDED ENTRY--TOPICAL TERM (OCLC, RLIN) | |
| Topical term or geographic name as entry element | Health and safety |
| 9 (RLIN) | 6244 |
| 856 48 - ELECTRONIC LOCATION AND ACCESS | |
| Uniform Resource Identifier | <a href="https://www.hse.gov.uk/statistics/industry/construction/construction.pdf">https://www.hse.gov.uk/statistics/industry/construction/construction.pdf</a> |
| Public note | View the report free of charge at www.www.hse.gov.uk |
| 942 ## - ADDED ENTRY ELEMENTS (KOHA) | |
| Suppress in OPAC | 0 |
| Withdrawn status | Lost status | Source of classification or shelving scheme | Damaged status | Not for loan | Home library | Current library | Shelving location | Date acquired | Total Checkouts | Full call number | Barcode | Date last seen | Copy number | Price effective from | Koha item type |
|---|---|---|---|---|---|---|---|---|---|---|---|---|---|---|---|
| Dewey Decimal Classification | Virtual | Virtual | Online | 08/02/2012 | ONLINE PUBLICATION | 154945-2001 | 06/08/2019 | 1 | 06/08/2019 | Book |